Cómo evitar que tu mundo interior se derrumbe (Registro nro. 49781)
[ vista simple ]
| 000 -LÍDER | |
|---|---|
| Campo fijo de descripción fija | 01415aab a2200217 4500 |
| 001 - NÚMERO DE CONTROL | |
| Campo de control | 768714001 |
| 003 - IDENTIFICADOR DEL NÚMERO DE CONTROL | |
| Campo de control | CO-MdFUSB |
| 005 - FECHA Y HORA DE LA ULTIMA TRANSACCIÓN | |
| control field | 20240531152609.0 |
| 008 - ELEMENTOS DE LONGITUD FIJA -- INFORMACIÓN GENERAL | |
| Campo fijo de descripción fija -- Información general | 170509s1993 cr ||||| |||| 00| 0 spa d |
| 022 ## - NÚMERO INTERNACIONAL NORMALIZADO PARA PUBLICACIONES SERIADAS | |
| Número Internacional Normalizado para Publicaciones Seriadas | 1409-1968 |
| 040 ## - FUENTE DE CATALOGACIÓN | |
| Agencia Catalogadora | CO-MdFUSB |
| Idioma de catalogación | spa |
| Agencia que realiza la transcripción | CO-MdFUSB |
| Agencia que realiza la modificación | CO-MdFUSB |
| 041 ## - CÓDIGO DE IDIOMA | |
| Código de idioma para texto/pista de sonido o título separado | spa |
| 100 1# - ASIENTO PRINCIPAL--NOMBRE PERSONAL | |
| Nombre personal | MacDonald, Gordon (1939-) |
| Término relacionador | autor |
| 245 10 - TÍTULO | |
| Título | Cómo evitar que tu mundo interior se derrumbe |
| Mención de responsabilidad | / Gordon MacDonald |
| 300 ## - DESCRIPCIÓN FÍSICA | |
| Extensión | Volumen 10. Número 5 (1993), páginas 6-12 |
| Dimensiones | : 27 cm. |
| 520 ## - NOTA DE RESUMEN, ETC. | |
| Nota de sumario, etc. | Los ataques del enemigo sobre nuestros intereses espirituales son inevitables,, por lo que se hace imperioso reforzar nuestras defensas en las áreas donde es más probable que nos ataque. Nuestro mundo interior espiritual depende de las decisiones que tomamos en varias áreas, las cuales pueden quedar fortalecidas o debilitadas para el diario vivir.<br/>Nuestro enemigo es muy audaz. El nos observa muy cuidadosamente, buscando descubrir cuáles son aquellas áreas débiles, esas en donde, con más probabilidad, haríamos decisiones que nos llevarían a la destrucción. Su objetivo es negarle a Dios el placer de ver su gloria reflejada en nosotros, y negarnos a nosotros mismos el placer de ser lo que Dios pensó para nosotros. |
| 650 #0 - ASIENTO SECUNDARIO DE MATERIA - TERMINO TEMÁTICO | |
| Término temático o nombre geográfico como elemento de entrada | Vida cristiana |
| 9 (RLIN) | 19 |
| 773 0# - ASIENTO DE ITEM FUENTE | |
| Título | Apuntes Pastorales |
| Biblionumber | 49442 |
| Itemnumber | 60186 |
| Parte(s) relacionada(s) / Volumen., número. (mes año), páginas | Volumen 10. Número 5 (1993), páginas 6-12 |
| Enumeración y primera página | Página 6 |
| 942 ## - TIPO DE MATERIAL (KOHA) | |
| Tipo de Item KOHA | Artículos de Revista |
| 945 ## - INFORMACIÓN LOCAL DEL REGISTRO | |
| Catalogador | JTF-925 |
No hay ítems disponibles.
